Joueurs de Foot en fonction de leur parcours en club - FC Barcelona - Statistiques

Statistiques générales
  • Ce quiz a été pris 122 fois
  • Le résultat moyen est 8 sur 10
Statistiques - réponses
Joueur N° Clubs (du + ancien au + récent) Réponse % Correct
9 FC Barcelone - Vissel Kobe - Emirates Club Andres Iniesta
92%
4 AS Monaco - Juventus FC - Arsenal FC - FC Barcelone - New York Red Bulls - Arsenal FC Thierry Henry
88%
7 Stade rennais FC - Borussia Dortmund - FC Barcelone - Paris Saint-Germain Ousmane Dembélé
87%
6 CF Nacional - FC Groningue - Ajax Amsterdam - Liverpool FC - FC Barcelone - Atlético Madrid - CF Nacional - Grêmio Porto Alegre - Inter Miami CF Luis Suarez
78%
5 Sporting CP - FC Barcelone - Real Madrid - Inter Milan Luis Figo
77%
2 Argentinos Juniors - Boca Juniors - FC Barcelone - SSC Naples - Séville FC - Newell's Old Boys - Boca Juniors Diego Maradona
75%
5 Real Madrid - RCD Majorque - FC Barcelone - Inter Milan - Anji Makhatchkala - Chelsea FC - Everton FC - UC Sampdoria - Antalyaspor - Konyaspor - Qatar SC Samuel Eto'o
68%
1 Arsenal FC - FC Barcelone - Chelsea FC - AS Monaco - Côme 1907 Cesc Fabregas
66%
10 Sporting de Gijón - Real Saragosse - Valence CF - FC Barcelone - Atlético Madrid - New York City FC - Vissel Kobe David Villa
62%
3 Ajax Amsterdam - FC Barcelone - Los Angeles Aztecs - Washington Diplomats - Ajax Amsterdam - Feyenoord Rotterdam Johan Cruyff
59%
Aucun quiz correspondant
Distribution des résultats
% des personnes avec chaque résultat
Percentile par nombre de réponses
Votre historique - résultats
Vous n’avez pas pris ce quiz